000 00478nam a2200181Ia 4500
003 GCL
008 140319s9999 xx 000 0 eng d
040 _aGCL /
_cGCL
082 0 4 _a891.7
_bW R
100 1 _aWALTER, REINHOLD NON
245 1 0 _aROTSCHILDS GEIGE: ERZAHLUNGEN /
_cWALTER, REINHOLD NON
260 _a[S.N] :
_bHERDER BUCHEREI ،
_c1960
300 _a142 P
650 0 4 _aRUSSIAN LITERATURE
650 0 4 _aRUSSIA - FICTION
650 0 4 _aFICTIONS
942 _2ddc
_cBK
999 _c15168
_d15168